[Event "PokerStars IoM Masters 2014"]
[Site "Douglas ENG"]
[Date "2014.10.07"]
[Round "4.22"]
[White "Mindlin, Alon"]
[Black "Skripchenko, Almira"]
[Result "1-0"]
[BlackTitle "IM"]
[WhiteElo "2259"]
[BlackElo "2429"]
[WhiteFideId "2800071"]
[BlackFideId "13900145"]
[EventDate "2014.10.04"]

1. d4 d6 2. c4 e5 3. Nf3 Nd7 4. Nc3 Ngf6 5. g3 g6 6. Bg2 Bg7 7. O-O O-O 8. e4
exd4 9. Nxd4 Re8 10. Nde2 Nc5 11. Qc2 a5 12. f3 Nfd7 13. Be3 Ne5 14. Rad1 Na6
15. c5 Nc4 16. Bf2 Qg5 17. h4 Qh6 18. Nd5 c6 19. Qxc4 cxd5 20. Qb5 Be6 21. cxd6
dxe4 22. Nf4 Nb4 23. d7 Red8 24. Nxe6 fxe6 25. Bb6 Nc6 26. f4 Bf6 27. Bc7 Rf8
28. Qxb7 Nd4 29. Qxe4 Qg7 30. Be5 Nf5 31. Qxa8 1-0

[Event "PokerStars IoM Masters 2014"]
[Site "Douglas ENG"]
[Date "2014.10.07"]
[Round "4.23"]
[White "Wallis, Christopher"]
[Black "Nakar, Eylon"]
[Result "1-0"]
[WhiteTitle "FM"]
[BlackTitle "IM"]
[WhiteElo "2347"]
[BlackElo "2424"]
[WhiteFideId "3204839"]
[BlackFideId "2811111"]
[EventDate "2014.10.04"]

1. d4 Nf6 2. c4 g6 3. Nc3 Bg7 4. e4 O-O 5. f3 d6 6. Be3 c5 7. Nge2 Nc6 8. d5 Ne5
9. Ng3 h5 10. Be2 h4 11. Nf1 e6 12. Nd2 exd5 13. cxd5 a6 14. O-O h3 15. g4 b5
16. g5 Nh7 17. f4 Nd7 18. Bg4 Bd4 19. Bxd4 cxd4 20. Ne2 Nc5 21. Ng3 Re8 22. Kh1
a5 23. Qf3 a4 24. Bxc8 Rxc8 25. Qf2 d3 26. Qd4 Nf8 27. b4 axb3 28. axb3 Qb6 29.
Rf3 Nfd7 30. Nf5 gxf5 31. Rxh3 Kf8 32. Qf6 Nxf6 33. gxf6 1-0

[Event "PokerStars IoM Masters 2014"]
[Site "Douglas ENG"]
[Date "2014.10.07"]
[Round "4.24"]
[White "Ferguson, Mark"]
[Black "Veinberg, Nimrod"]
[Result "1/2-1/2"]
[WhiteTitle "IM"]
[WhiteElo "2414"]
[BlackElo "2289"]
[WhiteFideId "403547"]
[BlackFideId "2810280"]
[EventDate "2014.10.04"]

1. e4 e5 2. Nf3 Nc6 3. Bc4 Bc5 4. c3 Nf6 5. d3 O-O 6. O-O d6 7. h3 Ne7 8. Re1
Ng6 9. d4 exd4 10. cxd4 Bb4 11. Bd2 Bxd2 12. Nbxd2 d5 13. Bb3 dxe4 14. Nxe4 Nxe4
15. Rxe4 Bf5 16. Re3 Qd6 17. Qd2 Bd7 18. Ne5 Nxe5 19. Rxe5 Rad8 20. Rd1 Rfe8 21.
Qe3 c6 22. Re1 Be6 23. d5 cxd5 24. Rxd5 Qa6 25. Rxd8 Rxd8 26. Qg5 Rf8 27. Bxe6
fxe6 28. Qe7 Qxa2 29. Qxb7 h6 30. g3 a5 31. Rd1 Rf7 32. Rd8+ Rf8 33. Rd7 Qb1+
34. Kg2 Qg6 35. Rd2 Qf5 36. Qc6 Rf6 37. Rd8+ Kh7 38. Rd2 Kg8 39. h4 Kh7 40. Re2
Kg8 41. Qa8+ Rf8 42. Qe4 Qxe4+ 43. Rxe4 Rb8 44. Re2 Rb3 45. Kf1 a4 46. Ke1 Kf7
47. Kd1 a3 48. bxa3 1/2-1/2

[Event "PokerStars IoM Masters 2014"]
[Site "Douglas ENG"]
[Date "2014.10.07"]
[Round "4.25"]
[White "Efroimski, Marsel"]
[Black "L'Ami, Alina"]
[Result "0-1"]
[WhiteTitle "WIM"]
[BlackTitle "IM"]
[WhiteElo "2316"]
[BlackElo "2386"]
[WhiteFideId "2810964"]
[BlackFideId "1210246"]
[EventDate "2014.10.04"]

1. e4 e5 2. Nf3 Nc6 3. Nc3 Nf6 4. Bb5 Bb4 5. O-O O-O 6. d3 d6 7. Bg5 Ne7 8. Bxf6
gxf6 9. Nh4 c6 10. Bc4 d5 11. Bb3 a5 12. a4 Bxc3 13. bxc3 Ng6 14. Nxg6 fxg6 15.
d4 Be6 16. Qe2 Qc7 17. Rad1 Rad8 18. Rd3 Rfe8 19. exd5 Bxd5 20. dxe5 Bxb3 21.
cxb3 Rxe5 22. Re3 Rde8 23. Qc4+ Qf7 24. Qxf7+ Kxf7 25. Rd3 Re2 26. h3 Rb2 27. c4
Re7 28. Rfd1 Ree2 29. Rf3 Rbd2 30. Rb1 Rb2 31. Rxb2 Rxb2 32. Re3 f5 33. g3 Kf6
34. h4 h6 35. Kg2 g5 36. hxg5+ hxg5 37. Kf3 g4+ 38. Kg2 Rb1 39. Kh2 Rd1 40. Kg2
Rd4 41. Kf1 Rd2 42. Ke1 Rb2 43. Kf1 b6 44. Kg2 c5 45. Kf1 f4 46. gxf4 Kf5 47.
Kg1 Kxf4 48. Kg2 Rb1 49. Rg3 Rd1 50. Re3 Rd6 51. Rg3 Re6 52. Rd3 Rh6 53. Rd8 Rh3
54. Rf8+ Ke5 55. Re8+ Kf5 56. Rf8+ Ke5 57. Re8+ Kf6 58. Rf8+ Ke7 59. Rf4 Rxb3
60. Rxg4 Kf6 61. Rh4 Rb4 62. Kf3 Kg5 63. Rg4+ Kf5 64. Rf4+ Ke5 65. Re4+ Kd6 66.
Ke3 Rxa4 67. f4 Ra1 68. Kd2 Rf1 69. Kc2 Rf3 70. Kb2 a4 71. Ka2 Kc6 72. f5 Rxf5
73. Ka3 Rf1 74. Kxa4 Rb1 75. Ka3 Rb4 76. Ka2 Kb7 77. Rh4 Ka6 78. Ka3 Ka5 79. Rg4
b5 80. Rg8 Rxc4 81. Ra8+ Kb6 82. Rb8+ Kc6 83. Kb3 Rh4 84. Rc8+ Kd6 85. Rd8+ Kc7
86. Rd5 Rh3+ 87. Kc2 Kc6 88. Rg5 c4 0-1

[Event "PokerStars IoM Masters 2014"]
[Site "Douglas ENG"]
[Date "2014.10.07"]
[Round "4.26"]
[White "Bartell, Thomas"]
[Black "Sant Anna, Eddie Luiz G."]
[Result "1-0"]
[WhiteTitle "IM"]
[WhiteElo "2358"]
[BlackElo "2119"]
[WhiteFideId "2017849"]
[BlackFideId "2103893"]
[EventDate "2014.10.04"]

1. e4 d5 2. exd5 Qxd5 3. Nf3 Bg4 4. Be2 Nf6 5. d4 e6 6. c4 Bb4+ 7. Nc3 Qa5 8.
Bd2 c6 9. a3 Be7 10. Nd5 Qd8 11. Nxe7 Qxe7 12. O-O Ne4 13. Bb4 c5 14. dxc5 Nc6
15. Nd2 Bxe2 16. Qxe2 Nxc5 17. Qe3 b6 18. Bc3 O-O 19. b4 Na4 20. Bxg7 Kxg7 21.
Qb3 Nc5 22. Qg3+ Kh8 23. Qc3+ Kg8 24. bxc5 Qxc5 25. Rfe1 Qd4 26. Qc2 Rad8 27.
Ne4 Qg7 28. Kh1 Nd4 29. Qc3 f5 30. Ng3 e5 31. f3 Rf7 32. Rad1 Rc7 33. Nxf5 Qf6
34. Nxd4 Rxd4 35. Rxd4 exd4 36. Qd3 Re7 37. Rxe7 Qxe7 38. Qxd4 Qxa3 39. h4 Kf7
40. Qd5+ Kg7 41. Kh2 Qe7 42. Kh3 Qc7 43. h5 Qe7 44. Qd4+ Kf7 45. f4 Qc5 46. Qd7+
Kf6 47. Kg4 h6 48. Qh7 Qc8+ 49. Kg3 Qf8 50. Qxa7 Qg8+ 51. Kf3 Qxc4 52. Qxb6+ Ke7
53. Qe3+ Kf7 54. Qe4 Qf1+ 55. Kg3 Qd1 56. Qf5+ Ke7 57. Qg4 Qe1+ 58. Kh2 Kf7 59.
Qg3 Qa5 60. Qg6+ Ke7 61. Qxh6 Qe1 62. Qg5+ Kf7 63. h6 Qe4 64. Qe5 Qh7 1-0

[Event "PokerStars IoM Masters 2014"]
[Site "Douglas ENG"]
[Date "2014.10.07"]
[Round "4.27"]
[White "Welling, Gerard"]
[Black "Hill, Alistair"]
[Result "1-0"]
[WhiteTitle "IM"]
[WhiteElo "2350"]
[BlackElo "2102"]
[WhiteFideId "1000446"]
[BlackFideId "432407"]
[EventDate "2014.10.04"]

1. d4 Nf6 2. Bg5 c5 3. Bxf6 gxf6 4. d5 Bg7 5. e3 f5 6. c3 d6 7. Nh3 Nd7 8. Nd2
Nf6 9. Nf4 O-O 10. Qb3 Re8 11. Bb5 Bd7 12. Nc4 Rb8 13. a4 Qc7 14. Rd1 a6 15.
Bxd7 Nxd7 16. O-O b5 17. axb5 axb5 18. Nd2 Nf6 19. Nf3 Qd7 20. Qc2 b4 21. c4 b3
22. Qd3 Ne4 23. Rb1 Rb4 24. Nh5 Bh8 25. g4 fxg4 26. Qxe4 f5 27. Qf4 gxf3 28. Kh1
Be5 29. Rg1+ Kh8 30. Qh6 e6 31. Nf6 Qf7 32. Nxe8 Qxe8 33. Qxe6 Qf8 34. Rg5 Rxc4
35. Rxf5 Qa8 36. Rxe5 dxe5 37. Qf6+ 1-0

[Event "PokerStars IoM Masters 2014"]
[Site "Douglas ENG"]
[Date "2014.10.07"]
[Round "4.28"]
[White "Boelhouwer, Collin"]
[Black "Mannion, Stephen R"]
[Result "1/2-1/2"]
[BlackTitle "IM"]
[WhiteElo "2106"]
[BlackElo "2347"]
[WhiteFideId "1013300"]
[BlackFideId "2400111"]
[EventDate "2014.10.04"]

1. e4 e5 2. Nf3 Nc6 3. Bb5 a6 4. Ba4 Nf6 5. O-O Be7 6. Re1 b5 7. Bb3 d6 8. c3
O-O 9. h3 Na5 10. Bc2 c5 11. d4 Nd7 12. a4 b4 13. cxb4 cxb4 14. Nbd2 exd4 15.
Nxd4 Nc5 16. N2b3 Ncxb3 17. Nxb3 Bf6 18. Qd3 Re8 19. Bd2 Bxb2 20. Rab1 Bc3 21.
Bxc3 bxc3 22. e5 g6 23. exd6 Nxb3 24. Bxb3 Bf5 25. Qd5 Be6 26. Qd3 Qd7 27. Bxe6
Rxe6 28. Rxe6 Qxe6 29. Rc1 Rd8 30. Qxc3 Qxd6 1/2-1/2

[Event "PokerStars IoM Masters 2014"]
[Site "Douglas ENG"]
[Date "2014.10.07"]
[Round "4.29"]
[White "Tolhuizen, Ludo"]
[Black "Tate, Alan"]
[Result "0-1"]
[BlackTitle "FM"]
[WhiteElo "2117"]
[BlackElo "2320"]
[WhiteFideId "1000802"]
[BlackFideId "2401878"]
[EventDate "2014.10.04"]

1. d4 Nf6 2. Nf3 g6 3. Bf4 Bg7 4. e3 O-O 5. Be2 c5 6. c3 d6 7. h3 Be6 8. dxc5
dxc5 9. Qxd8 Rxd8 10. Na3 Nc6 11. Bc4 Nd5 12. Bg3 Nxc3 13. bxc3 Bxc3+ 14. Ke2
Bxc4+ 15. Nxc4 Bxa1 16. Rxa1 b5 17. Nce5 Nb4 18. a3 Nd5 19. Rc1 Rac8 20. Nd3 b4
21. axb4 cxb4 22. Rxc8 Rxc8 23. e4 Nc3+ 24. Ke3 a5 25. Nd2 f6 26. e5 Kf7 27.
exf6 exf6 28. Nb3 Ra8 29. Nd4 Re8+ 30. Kd2 Ne4+ 31. Kc2 Rc8+ 32. Kb2 Nxg3 0-1

[Event "PokerStars IoM Masters 2014"]
[Site "Douglas ENG"]
[Date "2014.10.07"]
[Round "4.30"]
[White "Hansen, Victor"]
[Black "Duncan, Chris R"]
[Result "0-1"]
[BlackTitle "FM"]
[WhiteElo "2113"]
[BlackElo "2319"]
[WhiteFideId "1502638"]
[BlackFideId "403091"]
[EventDate "2014.10.04"]

1. d4 d5 2. c4 c6 3. Nf3 Nf6 4. Nc3 dxc4 5. a4 Bf5 6. e3 e6 7. Bxc4 Bb4 8. O-O
O-O 9. Qb3 Qe7 10. Bd2 a5 11. Ne5 Nbd7 12. Nxd7 Qxd7 13. Rad1 Rad8 14. f3 Bg6
15. Be1 Qe7 16. Bh4 Qc7 17. e4 Rd7 18. e5 Nd5 19. Ne4 Rb8 20. Nc5 Bxc5 21. dxc5
b6 22. Bxd5 cxd5 23. cxb6 Rxb6 24. Qc3 Qxc3 25. bxc3 Rc6 26. Rd4 Rxc3 27. Be1
Rc5 28. Rf2 Rb7 29. Ra2 Kf8 30. Kf2 Ke7 31. Rdd2 f6 32. Rdb2 Rxb2+ 33. Rxb2 fxe5
34. Rb7+ Kf6 35. Ra7 Rc2+ 36. Kg3 e4 37. Bxa5 e3 38. Kf4 e5+ 39. Kg3 d4 40. Bd8+
Ke6 41. Bb6 Re2 42. Ra8 d3 43. Rd8 d2 44. Bxe3 Rxe3 45. Rxd2 Ra3 46. Rb2 Rxa4
47. Rb6+ Ke7 48. Rb7+ Kf8 49. Rb8+ Be8 50. Rb7 Rd4 51. Rc7 Bf7 52. Rc8+ Ke7 53.
Ra8 Kf6 54. Ra6+ Be6 55. Rb6 g5 56. h3 h5 57. Rb2 Ra4 58. Rc2 Kf5 59. Rb2 Ra3
60. Kh2 Rb3 61. Rd2 g4 62. hxg4+ hxg4 63. fxg4+ Kxg4 64. Rd6 Bf5 65. Rd8 Rb2 66.
Re8 Kf4 67. Rg8 Be4 68. Rf8+ Ke3 69. Rg8 Rxg2+ 0-1

[Event "PokerStars IoM Masters 2014"]
[Site "Douglas ENG"]
[Date "2014.10.07"]
[Round "4.31"]
[White "Klein, Felix"]
[Black "Fabri, Henrik"]
[Result "1-0"]
[WhiteTitle "FM"]
[WhiteElo "2286"]
[BlackElo "1948"]
[WhiteFideId "24600458"]
[BlackFideId "403270"]
[EventDate "2014.10.04"]

1. e4 Nf6 2. e5 Nd5 3. d4 d6 4. Nf3 dxe5 5. Nxe5 c6 6. Be2 Nd7 7. Nf3 g6 8. O-O
Bg7 9. c4 Nc7 10. Nc3 O-O 11. Bf4 b6 12. Qd2 Re8 13. Rad1 Bb7 14. Rfe1 Rc8 15.
Bf1 Ne6 16. Bh6 Ndf8 17. d5 cxd5 18. cxd5 Nc7 19. Bxg7 Kxg7 20. Ne5 f6 21. Ng4
Ba6 22. Bxa6 Nxa6 23. Qh6+ Kg8 24. d6 e6 25. d7 1-0

[Event "PokerStars IoM Masters 2014"]
[Site "Douglas ENG"]
[Date "2014.10.07"]
[Round "4.32"]
[White "Groffen, Hans"]
[Black "Allen, Keith"]
[Result "0-1"]
[WhiteElo "2161"]
[BlackElo "2197"]
[WhiteFideId "1004140"]
[BlackFideId "2501147"]
[EventDate "2014.10.04"]

1. d4 f5 2. g3 Nf6 3. Bg2 e6 4. Nf3 d5 5. c4 c6 6. O-O Bd6 7. Bf4 Bxf4 8. gxf4
O-O 9. e3 Bd7 10. Nbd2 Be8 11. Ne5 Nbd7 12. Rc1 Ne4 13. Nb3 Rc8 14. f3 Nd6 15.
Nxd7 Bxd7 16. c5 Nc4 17. Qe2 b5 18. Ra1 a5 19. Nc1 Rc7 20. Nd3 b4 21. Qe1 Bc8
22. Rf2 h6 23. Bf1 g5 24. b3 Na3 25. Ne5 Bb7 26. Rg2 Rg7 27. Bd3 gxf4 28. Rxg7+
Kxg7 29. exf4 Kh7 30. Kh1 Ba6 31. Rd1 Bxd3 32. Rxd3 Qe8 33. Rd2 Nb5 34. Qh4 Rg8
35. Qf6 Rg7 36. Qh4 Nc3 37. Qf2 a4 38. bxa4 Qa8 39. a5 Qxa5 40. Nxc6 Qa4 41. Ne5
b3 42. Qe1 bxa2 43. Qa1 Rb7 0-1

[Event "PokerStars IoM Masters 2014"]
[Site "Douglas ENG"]
[Date "2014.10.07"]
[Round "4.33"]
[White "House, Glenn L"]
[Black "Klein, Gernot"]
[Result "1-0"]
[WhiteTitle "FM"]
[WhiteElo "2209"]
[BlackElo "2000"]
[WhiteFideId "406228"]
[BlackFideId "4695496"]
[EventDate "2014.10.04"]

1. Nf3 d5 2. g3 c6 3. d3 Bg4 4. Nbd2 Nf6 5. Bg2 Nbd7 6. h3 Bxf3 7. Nxf3 e5 8.
O-O Bd6 9. c4 O-O 10. Nh4 Re8 11. Nf5 Bf8 12. cxd5 Nxd5 13. Ne3 Nxe3 14. Bxe3
Bc5 15. Bxc5 Nxc5 16. Qc2 Ne6 17. e3 Qe7 18. Rac1 Rad8 19. Rfd1 Rd6 20. b4 Red8
21. Qc3 f6 22. a4 Qd7 23. Bf1 Kh8 24. Be2 Qe7 25. Qb2 a6 26. Rc4 Nc7 27. Bf1 Ne8
28. Qc2 f5 29. Re1 Nf6 30. Rc5 Nd7 31. Rc3 Nf6 32. Rb3 Qd7 33. b5 axb5 34. axb5
cxb5 35. Qb2 Rd5 36. Rb1 Qc7 37. Rxb5 Rxb5 38. Qxb5 Rd7 39. Qb4 h6 40. Qa4 Rd8
41. Rb5 Kh7 42. Qb3 Rd7 43. Qe6 f4 44. Qxe5 Qxe5 45. Rxe5 fxg3 46. fxg3 Rd6 47.
d4 Nd7 48. Re7 b6 49. Kf2 Kg6 50. Bb5 Nf8 51. Be8+ Kh7 52. h4 Ng6 53. Rc7 Re6
54. Bf7 Rf6+ 55. Ke2 h5 56. e4 b5 57. Rb7 b4 58. e5 Ra6 59. Rxb4 Ra1 60. Rb6 Ne7
61. Bxh5 Ra2+ 62. Kd3 Ra3+ 63. Ke4 Rxg3 64. Rb7 Ng8 65. Bf3 Rh3 66. h5 Rh4+ 67.
Kd5 Rf4 68. Be4+ Kh6 69. Bg6 Kg5 70. Rxg7 Nh6 71. Be8+ Kh4 72. Bd7 Nf5 73. Bxf5
Rxd4+ 74. Kxd4 1-0

[Event "PokerStars IoM Masters 2014"]
[Site "Douglas ENG"]
[Date "2014.10.07"]
[Round "4.34"]
[White "Van Den Bersselaar, Jeroen"]
[Black "Gutkind, Kedem"]
[Result "0-1"]
[WhiteElo "2119"]
[BlackElo "1993"]
[WhiteFideId "1006282"]
[BlackFideId "1046519"]
[EventDate "2014.10.04"]

1. d4 Nf6 2. c4 g6 3. Nc3 Bg7 4. e4 d6 5. Nf3 O-O 6. Be2 e5 7. O-O Nc6 8. d5 Ne7
9. Ne1 Nd7 10. Be3 f5 11. f3 f4 12. Bf2 g5 13. Rc1 Ng6 14. Nb5 b6 15. b4 a6 16.
Nc3 Rf7 17. Nd3 h5 18. c5 Bf8 19. cxb6 cxb6 20. Nb2 Rg7 21. Kh1 Rb8 22. Nca4 b5
23. Nc3 Nf6 24. a4 Bd7 25. axb5 axb5 26. Ra1 g4 27. Ra5 g3 28. hxg3 fxg3 29.
Bxg3 h4 30. Bh2 Nh5 31. Rf2 Ng3+ 32. Kg1 Nf4 33. Nd3 Nh3+ 34. gxh3 Nxe2+ 0-1

[Event "PokerStars IoM Masters 2014"]
[Site "Douglas ENG"]
[Date "2014.10.08"]
[Round "5.1"]
[White "Vachier-Lagrave, Maxime"]
[Black "Fridman, Daniel"]
[Result "1/2-1/2"]
[WhiteTitle "GM"]
[BlackTitle "GM"]
[WhiteElo "2757"]
[BlackElo "2635"]
[WhiteFideId "623539"]
[BlackFideId "11600454"]
[EventDate "2014.10.04"]

1. e4 e5 2. Nf3 Nf6 3. d4 Nxe4 4. Bd3 d5 5. Nxe5 Nd7 6. Nxd7 Bxd7 7. O-O Bd6 8.
Qh5 Qf6 9. Nc3 Qxd4 10. Be3 Qe5 11. Qxe5+ Bxe5 12. Nxd5 Nf6 13. Rae1 Nxd5 14.
Bd4 O-O-O 15. Bxe5 f6 16. Bg3 Nb4 17. Bc4 Rhe8 18. c3 b5 19. Bf7 Rxe1 20. Rxe1
Nd3 21. Re7 Nxb2 22. h4 Na4 23. c4 b4 24. h5 a5 25. Be6 Nc3 26. Kh2 Nxa2 27. c5
Bxe6 28. Rxc7+ Kb8 29. Rd7+ Kc8 30. Rc7+ Kb8 31. Rd7+ Kc8 1/2-1/2

[Event "PokerStars IoM Masters 2014"]
[Site "Douglas ENG"]
[Date "2014.10.08"]
[Round "5.2"]
[White "Marin, Mihail"]
[Black "Tiviakov, Sergei"]
[Result "1/2-1/2"]
[WhiteTitle "GM"]
[BlackTitle "GM"]
[WhiteElo "2583"]
[BlackElo "2668"]
[WhiteFideId "1200020"]
[BlackFideId "1008013"]
[EventDate "2014.10.04"]

1. Nf3 Nf6 2. g3 b6 3. Bg2 Bb7 4. O-O g6 5. b3 Bg7 6. Bb2 O-O 7. c4 e6 8. Nc3 c5
9. d4 d6 10. Qd2 Nbd7 11. Rad1 Qe7 12. Rfe1 Ne4 13. Nxe4 Bxe4 14. Nh4 Bxg2 15.
Nxg2 Rfd8 16. e4 a6 17. d5 Bxb2 18. Qxb2 e5 19. Ne3 b5 20. Rb1 Rdb8 21. Qe2 Nb6
22. Rec1 bxc4 23. bxc4 Nd7 24. Rb3 Qd8 25. Qd2 Rb6 26. Rcb1 Rab8 27. Kg2 R8b7
28. Nf1 Qb8 29. Qa5 Kf8 30. Nd2 Ke7 1/2-1/2

[Event "PokerStars IoM Masters 2014"]
[Site "Douglas ENG"]
[Date "2014.10.08"]
[Round "5.3"]
[White "Adams, Michael"]
[Black "Boruchovsky, Avital"]
[Result "1/2-1/2"]
[WhiteTitle "GM"]
[BlackTitle "GM"]
[WhiteElo "2758"]
[BlackElo "2501"]
[WhiteFideId "400041"]
[BlackFideId "2800055"]
[EventDate "2014.10.04"]

1. e4 e5 2. Nf3 Nc6 3. Bb5 a6 4. Ba4 Nf6 5. O-O Nxe4 6. d4 b5 7. Bb3 d5 8. dxe5
Be6 9. Qe2 Be7 10. Rd1 O-O 11. c4 bxc4 12. Bxc4 Bc5 13. Be3 Bxe3 14. Qxe3 Qb8
15. Bb3 Na5 16. Nd4 Qb6 17. Na3 Nxb3 18. Qxb3 Qa7 19. Qe3 Bd7 20. Rac1 Rfe8 21.
f3 Nd6 22. Qc3 Nf5 23. f4 c6 24. Qc5 Qxc5 25. Rxc5 Nxd4 26. Rxd4 f6 27. exf6
Rab8 28. b3 Re1+ 29. Kf2 Ra1 30. Rd2 gxf6 31. Ra5 Rb4 32. Rxa6 Rxf4+ 33. Ke3
Re4+ 34. Kd3 Kf7 35. Nc2 Rh1 36. g3 h5 37. Kc3 h4 38. Ra7 Ke7 39. a4 hxg3 40.
hxg3 Rg4 41. Rd3 Ke6 42. Nd4+ Kd6 43. Rf3 Rg6 44. Ra6 Kc7 45. Kb4 Kb7 46. Ka5
Rd1 47. Rf4 Rd3 48. g4 Rg3 49. b4 Ra3 50. b5 cxb5 51. Rb6+ Ka7 52. Nxb5+ Bxb5
53. Rxb5 f5 54. Kb4 Rg3 55. gxf5 R6g4 56. Rxg4 Rxg4+ 57. Kb3 Rd4 58. a5 Ka6 59.
Rc5 Rd1 60. Kc3 Kb7 61. Kb2 Rd4 62. Kb3 Rd1 63. Kc3 Ka6 64. Kb2 Rd4 65. Kb1 Kb7
66. Kc1 Ka6 67. Kc2 Kb7 68. Kc3 Rd1 69. f6 Rf1 70. Rb5+ Ka6 71. Rb6+ Kxa5 72.
Re6 Kb5 73. Kd4 Rf5 74. Rd6 Kb4 75. Ra6 Kb5 76. Re6 Kb4 77. Rd6 Kb3 78. Rb6+ Kc2
79. Rd6 Kb3 1/2-1/2

[Event "PokerStars IoM Masters 2014"]
[Site "Douglas ENG"]
[Date "2014.10.08"]
[Round "5.4"]
[White "Steinberg, Nitzan"]
[Black "Sargissian, Gabriel"]
[Result "0-1"]
[WhiteTitle "IM"]
[BlackTitle "GM"]
[WhiteElo "2435"]
[BlackElo "2690"]
[WhiteFideId "2801795"]
[BlackFideId "13300881"]
[EventDate "2014.10.04"]

1. e4 e5 2. Nf3 Nc6 3. Bb5 Nf6 4. d3 Bc5 5. c3 O-O 6. O-O Re8 7. Re1 a6 8. Ba4
b5 9. Bb3 h6 10. Nbd2 d6 11. Nf1 Bb6 12. a3 Be6 13. Be3 Bxe3 14. Nxe3 d5 15.
exd5 Nxd5 16. d4 Nxe3 17. fxe3 Bxb3 18. Qxb3 Qd6 19. a4 Na5 20. Qa2 Nc4 21. b3
e4 22. bxc4 exf3 23. gxf3 bxc4 24. Qxc4 Rab8 25. Qe2 Qc6 26. c4 Rb4 27. Rec1 Rb3
28. e4 Reb8 29. Rd1 Rb2 30. Rd2 Rxd2 31. Qxd2 Qxc4 32. a5 Rb3 33. Rc1 Qb5 34. f4
Rd3 35. Qe1 Qd7 36. Qf2 Rxd4 0-1

[Event "PokerStars IoM Masters 2014"]
[Site "Douglas ENG"]
[Date "2014.10.08"]
[Round "5.5"]
[White "Jones, Gawain C B"]
[Black "Arkell, Keith C"]
[Result "1-0"]
[WhiteTitle "GM"]
[BlackTitle "GM"]
[WhiteElo "2664"]
[BlackElo "2450"]
[WhiteFideId "409561"]
[BlackFideId "400270"]
[EventDate "2014.10.04"]

1. e4 c6 2. d4 d5 3. e5 c5 4. c4 cxd4 5. Ne2 e6 6. Nxd4 Nc6 7. Nc3 Bc5 8. Nxc6
bxc6 9. cxd5 cxd5 10. b4 Bf8 11. a3 Ne7 12. Bg5 a6 13. Rc1 Bd7 14. Bd3 Qb8 15.
O-O Ng6 16. Re1 Be7 17. Bxe7 Kxe7 18. Qg4 Rc8 19. Qh5 d4 20. Bxg6 Rxc3 21. Bxh7
Qc7 22. Rcd1 Rh8 23. Rxd4 Ke8 24. Red1 Ba4 25. Rd8+ Qxd8 26. Rxd8+ Kxd8 27. Qg5+
Ke8 28. Be4 Rh5 29. Qd2 Rc8 30. f4 Rd8 31. Qe2 Rh4 32. Qxa6 Bb3 33. Bf3 Bd5 34.
Qb5+ Rd7 35. g3 Rh6 36. Bd1 Bc4 37. Qb8+ 1-0

[Event "PokerStars IoM Masters 2014"]
[Site "Douglas ENG"]
[Date "2014.10.08"]
[Round "5.6"]
[White "Kobo, Ori"]
[Black "Howell, David W L"]
[Result "1/2-1/2"]
[WhiteTitle "FM"]
[BlackTitle "GM"]
[WhiteElo "2380"]
[BlackElo "2657"]
[WhiteFideId "2812320"]
[BlackFideId "410608"]
[EventDate "2014.10.04"]

1. d4 Nf6 2. c4 c6 3. Nf3 d5 4. e3 g6 5. Nc3 Bg7 6. Bd3 O-O 7. O-O Bg4 8. h3
Bxf3 9. Qxf3 e6 10. Rd1 Nbd7 11. Qe2 Qe7 12. Rb1 a6 13. b3 Rfd8 14. Bb2 Rac8 15.
Rbc1 Ne8 16. Rd2 f5 17. Rdc2 Rb8 18. Nb1 Nd6 19. Ba3 Nf6 20. Nd2 Bf8 21. Nf3 Qg7
22. Ne5 Nf7 23. Bxf8 Rxf8 24. Nxf7 Rxf7 25. a4 a5 26. Qe1 Ra8 27. b4 axb4 28.
Qxb4 Qf8 29. Rb1 Qd8 30. Rcb2 Ra7 31. Qc5 Ra5 32. Qa3 Ra7 33. Qc5 Qa8 34. Qd6
Qc8 35. Ra1 Ra5 36. Qb4 Qd8 37. Rab1 Rd7 38. Bc2 Qa8 39. Qc3 Ra7 40. Rb6 Ne8 41.
c5 Nf6 42. Qe1 Qe8 43. a5 e5 44. Qc3 exd4 45. Qxd4 Qe7 46. a6 Rxa6 47. Rxa6 bxa6
48. Rb6 Rc7 49. Ba4 Nd7 50. Rxc6 Nxc5 51. Qxd5+ Kf8 52. Qd4 Rxc6 53. Bxc6 Kf7
54. Bd5+ Ke8 55. Qh8+ Kd7 56. Bg8 h5 57. Bh7 Qf7 58. Qa8 Kc7 59. Bg8 Qf6 60. Bd5
Kb6 61. Bf3 h4 62. Qg8 g5 63. Qc4 Qa1+ 64. Kh2 Qe5+ 65. Kg1 Qa1+ 66. Kh2 a5 67.
Qg8 Qe5+ 68. Kg1 Qa1+ 69. Kh2 Qe5+ 70. Kg1 a4 71. Qxg5 Qa1+ 72. Kh2 Qe5+ 73. Kg1
Qa1+ 74. Kh2 Qe5+ 1/2-1/2

[Event "PokerStars IoM Masters 2014"]
[Site "Douglas ENG"]
[Date "2014.10.08"]
[Round "5.7"]
[White "Short, Nigel D"]
[Black "Hawkins, Jonathan"]
[Result "1/2-1/2"]
[WhiteTitle "GM"]
[BlackTitle "IM"]
[WhiteElo "2646"]
[BlackElo "2533"]
[WhiteFideId "400025"]
[BlackFideId "412686"]
[EventDate "2014.10.04"]

1. e4 e5 2. Nf3 Nc6 3. Bc4 Bc5 4. b4 Bxb4 5. c3 Be7 6. d4 Na5 7. Bd3 d6 8. dxe5
dxe5 9. Nxe5 Nf6 10. O-O O-O 11. Qc2 Bd6 12. Nf3 Nc6 13. Nbd2 Bg4 14. Re1 Re8
15. Bb5 Bf4 16. Bxc6 bxc6 17. Nd4 c5 18. N4b3 Nh5 19. Nf1 c4 20. Nd4 c5 21. Ne2
Bxc1 22. Qxc1 Bxe2 23. Rxe2 Qf6 24. g3 Rad8 25. Qa3 Qg6 26. Qxc5 Nf4 27. Re3
Nh3+ 28. Kg2 Nf4+ 29. Kg1 Nh3+ 30. Kg2 Nf4+ 1/2-1/2

[Event "PokerStars IoM Masters 2014"]
[Site "Douglas ENG"]
[Date "2014.10.08"]
[Round "5.8"]
[White "Vaisser, Anatoly"]
[Black "Raznikov, Danny"]
[Result "1-0"]
[WhiteTitle "GM"]
[BlackTitle "IM"]
[WhiteElo "2531"]
[BlackElo "2492"]
[WhiteFideId "603252"]
[BlackFideId "2811154"]
[EventDate "2014.10.04"]

1. d4 Nf6 2. Nc3 d5 3. Bf4 c5 4. e3 a6 5. dxc5 Nc6 6. Nf3 Bg4 7. h3 Bxf3 8. Qxf3
e6 9. O-O-O Qa5 10. Bd6 Bxd6 11. cxd6 Rc8 12. Bd3 O-O 13. Kb1 Rfd8 14. e4 d4 15.
Ne2 Rxd6 16. Qf4 e5 17. Qd2 Qb6 18. Ng3 g6 19. f4 Nd7 20. Rhf1 exf4 21. Qxf4
Nce5 22. Ne2 a5 23. Nc1 a4 24. a3 Rf6 25. Qd2 Nc5 26. Qb4 Qxb4 27. axb4 Rxf1 28.
Bxf1 Ne6 29. Bb5 Ra8 30. Ne2 a3 31. Nxd4 Rd8 32. c3 axb2 33. Kxb2 h5 34. Kc2 Nf4
35. Bf1 h4 36. Ra1 g5 37. Ra5 f6 38. Rb5 Rd7 39. Rb6 Kf7 40. Nf5 Kg6 41. Bb5 Nc6
42. Ne3 Rc7 43. Kb3 Re7 44. Nd5 Rxe4 45. Nxf4+ Rxf4 46. Bd3+ 1-0